Lyrics erraten (2010er) #5 - Statistiken

Allgemein
  • Dieses Quiz wurde 663 mal gespielt
  • Das Durchschnittsergebnis liegt bei 127 aus 400
Antwortstatistiken
Antwort % Korrekt
I
100%
yo
94%
A
92%
a
92%
you,
92%
you
92%
you”
92%
You
92%
the
80%
he
77%
He
77%
love
74%
love”
74%
love,
74%
be
71%
when
69%
When
69%
is
65%
it
65%
She
65%
she
65%
do
64%
do”
64%
and
63%
And,
63%
And
63%
my
63%
to
61%
hear
55%
no
55%
No
55%
no,
55%
no)
55%
on
55%
“Your
55%
your
55%
so
50%
So,
50%
So
50%
her
49%
in
49%
what
45%
will
45%
Da-
43%
have
43%
of
43%
then)
43%
don’t
42%
For
41%
for
41%
like
41%
see
41%
that
39%
all
36%
All
36%
one
36%
“I’m
35%
I’m
35%
by
34%
ever
34%
know
34%
di
32%
baby
31%
baby,
31%
“You’re
31%
give
30%
(oh,
30%
just
29%
Just
29%
there
29%
there,
29%
there)
29%
there?
29%
gonna
28%
life
28%
life”
28%
up
28%
never
27%
got
26%
make
26%
them
26%
him
24%
him,
24%
time,
24%
time
24%
fee
23%
night
23%
eye
22%
Sean-
22%
bus
21%
good
21%
yeah,
21%
yeah
21%
(yeah)
21%
come
20%
come,
20%
Call
19%
cry
18%
Now
18%
‘Cause
17%
eyes
17%
out
17%
says
15%
from
14%
looks
14%
sing,
14%
without
14%
any
13%
Going
13%
gone
13%
hurt
13%
nothing
13%
wants
13%
rock
12%
(na,
11%
na,
11%
na)
11%
sky,
11%
(stay
11%
stay
11%
away
10%
head,
10%
“Nobody
10%
own,
10%
She‘s
10%
after
9%
Ah,
9%
find
9%
mom,
9%
one’s
9%
tells
9%
things
9%
ain’t
8%
far
8%
keep
8%
Paul,
8%
really
8%
rockabye,
8%
rockabye
8%
Rockabye,
8%
(rockabye-
8%
rockabye)
8%
year
8%
care
7%
save
7%
stop
7%
well
7%
cold
6%
doing
6%
hard
6%
through
6%
water
6%
dear
5%
tear
5%
works
5%
daughter
4%
devotion
4%
fear
4%
grow
4%
“Ooh,
4%
warm
4%
ya
4%
Anne-
3%
Bandit,
3%
bar,
3%
Clean
3%
father’s
3%
mamma
3%
Marie,
3%
matters
3%
mom‘s
3%
moms
3%
ohh
3%
shed
3%
single
3%
Single
3%
special
3%
struggle)
3%
Trying
3%
adoration
2%
alright
2%
astray,
2%
bond
2%
creation,
2%
(daily
2%
(foundation)
2%
frustration
2%
hah
2%
Lift
2%
lift
2%
school
2%
Somebody’s
2%
Angels
1%
beyond
1%
bother
1%
compare
1%
disappear
1%
dry
1%
Facing
1%
fare
1%
haffi
1%
Hmm,
1%
how’re
1%
Inna
1%
nah
1%
nowhere
1%
obstacle
1%
pops
1%
prepared
1%
rocka-rocka-
1%
rum
1%
set
1%
six-year-old
1%
(straight)
1%
surround
1%
youth
1%
bang-bang-bang,
0%
(bidda-
0%
cyaan’
0%
heavily,
0%
Steadily
0%
workflow
0%
Keine übereinstimmenden Quizze gefunden
Verteilung der Resultate
Anzahl Personen mit jedem Resultat
Perzentil nach korrekt beantworteten Fragen
Ihre Resultats-Entwicklung
Sie haben dieses Quiz noch nicht gespielt